00925nam a22002657a 45000010005000000030006000050050017000110080041000280200018000690400029000870500014001160820011001301000032001412450087001732500009002602600038002693000041003075050007003485200168003555210019005235210018005426500039005606500032005997000028006314949FISKH20241028113812.0241028b cb ||||| |||| 00| 0 eng d a9780448402239 aFISKHbengcFISKHdFISKH aQL458.C64 a595.44 aCole, Joannad(1944–2020) aSpider's lunch all about garden spiders /cby Joanna Cole illustrated by Ron Broda a1995 aNew York :bPenguin Young,c1995. a32 pages :bColor illustratorc23 cm aG  aLevel 2. This introduction to the arachnid world explains how a hungry garden spider obtains food by building a web and patiently waiting to catch something tasty.8 a330L bLexile 8 aG bRaz-Plus  2Non-fictionaEarly readervInsects 2ScienceaAll Aboard Reading aBroda, RondIllustrator